| 000 | 01127nib a2200289ua 4500 | ||
|---|---|---|---|
| 001 | 000083460 | ||
| 003 | OSt | ||
| 005 | 20230915173621.0 | ||
| 008 | 170809s1987 ck 073 e | z|spa d | ||
| 040 | _cCO-MqBPB | ||
| 041 | _aspa | ||
| 043 | _as-ck--- | ||
| 090 |
_a860.29 _bG82c |
||
| 100 | 1 | _aGuerrero, Arturo | |
| 245 | 1 | 0 |
_aLa poesía en Cien años de soledad (Conferencia) : _b[disco sonoro] / _cpor Arturo Guerrero. |
| 260 |
_aBogotá : _bCasa de Poesía Silva, _c1987. |
||
| 300 |
_a1 disco compacto : _bsonido _e(73 minutos) |
||
| 340 | _aCD-ROM | ||
| 490 | 0 |
_aVoces para el tiempo _v29 |
|
| 500 |
_aCien años de soledad (1967-1987). Conferencia la poesía en cien años de soledad, _a26 de Mayo de 1987 |
||
| 600 | 1 | 4 |
_aGarcía Márquez, Gabriel _d1927-2014 _tCien años de soledad _vCongresos, conferencias, etc. _xCrítica e interpretación |
| 650 | 1 | 4 |
_aPoesía colombiana _vCongresos, conferencias, etc. _xCrítica e interpretación _ySiglo XX |
| 650 | 1 | 4 |
_aNovela colombiana _ySiglo XX |
| 650 | 1 | 4 |
_aLiteratura colombiana _xHistoria y crítica _ySiglo XX |
| 650 | 1 | 4 | _aAutores colombianos |
| 942 |
_2ddc _cCDROM |
||
| 999 |
_c11330 _d11330 |
||